Statistics for Countries of the Middle East (with a map)

Click here to take the quiz!

General Stats

  • This quiz has been taken 1,323 times
    (1,222 since last reset)
  • The average score is 15 of 16

Answers on the Map

Answers color-coded by a green-red scale on the quiz's map according to % correct below.
 

Answer Stats

Country% Correct
Iran
98%
Iraq
98%
Egypt
97%
Saudi Arabia
97%
Turkey
96%
Israel
95%
Yemen
95%
Jordan
93%
Oman
93%
United Arab Emirates
93%
Syria
91%
Cyprus
90%
Kuwait
89%
Qatar
89%
Lebanon
87%
Bahrain
78%

Score Distribution

Percentile by Number Answered

Percent of People with Each Score

Your Score History

You have not taken this quiz since the last reset